|
|
|
|
| LEADER |
00000nam0a2200000 4500 |
| 001 |
187335 |
| 005 |
20231101224045.0 |
| 010 |
|
|
|a 9785358059252
|
| 035 |
|
|
|a (RuTPU)RU\TPU\book\203274
|
| 035 |
|
|
|a RU\TPU\book\72421
|
| 090 |
|
|
|a 187335
|
| 100 |
|
|
|a 20040929d2008 m y0rusy50 ca
|
| 101 |
0 |
|
|a rus
|
| 102 |
|
|
|a RU
|
| 105 |
|
|
|a y j 001zy
|
| 200 |
1 |
|
|a Лекции по математическому анализу
|e учебник для вузов
|f Г. И. Архипов, В. А. Садовничий, В. Н. Чубариков
|
| 205 |
|
|
|a 6-е изд., стер.
|
| 210 |
|
|
|a Москва
|c Дрофа
|d 2008
|
| 215 |
|
|
|a 640 с.
|
| 225 |
1 |
|
|a Высшее образование: Современный учебник
|
| 320 |
|
|
|a Литература: с. 628-629.
|
| 330 |
|
|
|a Книга является учебником по курсу математического анализа, посвящена дифференциальному и интегральному исчислениям функций одной и нескольких переменных и соответствует программе для высших учебных заведений, рекомендованной Министерством образования РФ. В ее основу положены лекции, прочитанные авторами на механико-математическом факультете МГУ им. М. В. Ломоносова. В учебнике предложен новый подход к изложению ряда понятий и теорем анализа, а также и к самому содержанию курса. Для студентов университетов, педагогических вузов и вузов с углубленным изучением математики.
|
| 451 |
|
1 |
|0 (RuTPU)RU\TPU\book\72421
|y 5-7107-8334-X
|t Лекции по математическому анализу
|o учебник для вузов
|f Г. И. Архипов, В. А. Садовничий, В. Н. Чубариков
|e 4-е изд., испр.
|c М.
|n Дрофа
|d 2004
|p 640 с.
|s Высшее образование: Современный учебник
|a Архипов, Геннадий Иванович
|
| 606 |
1 |
|
|a Математический анализ
|2 stltpush
|3 (RuTPU)RU\TPU\subj\41236
|9 61042
|
| 610 |
1 |
|
|a высшая математика
|
| 610 |
1 |
|
|a функции одной переменной
|
| 610 |
1 |
|
|a дифференциальные исчисления
|
| 610 |
1 |
|
|a пределы
|
| 610 |
1 |
|
|a предел последовательности
|
| 610 |
1 |
|
|a непрерывность
|
| 610 |
1 |
|
|a предел функции
|
| 610 |
1 |
|
|a дифференцирование
|
| 610 |
1 |
|
|a неопределенные интегралы
|
| 610 |
1 |
|
|a интеграл Римана
|
| 610 |
1 |
|
|a функции многих переменных
|
| 610 |
1 |
|
|a несобственные интегралы
|
| 610 |
1 |
|
|a длина
|
| 610 |
1 |
|
|a дуги
|
| 610 |
1 |
|
|a кривые
|
| 610 |
1 |
|
|a мера Жордана
|
| 610 |
1 |
|
|a интеграл Лебега
|
| 610 |
1 |
|
|a интегралы Стилтьеса
|
| 610 |
1 |
|
|a общая топология
|
| 610 |
1 |
|
|a метрические пространства
|
| 610 |
1 |
|
|a функциональные ряды
|
| 610 |
1 |
|
|a параметрические интегралы
|
| 610 |
1 |
|
|a числовые ряды
|
| 610 |
1 |
|
|a функциональные последовательности
|
| 610 |
1 |
|
|a функциональные ряды
|
| 610 |
1 |
|
|a ряды Фурье
|
| 610 |
1 |
|
|a интеграл Фурье
|
| 610 |
1 |
|
|a поверхностные интегралы
|
| 610 |
1 |
|
|a кратные интегралы
|
| 610 |
1 |
|
|a формула Стокса
|
| 610 |
1 |
|
|a учебники
|
| 675 |
|
|
|a 517(075.8)
|v 3
|
| 700 |
|
1 |
|a Архипов
|b Г. И.
|g Геннадий Иванович
|
| 701 |
|
1 |
|a Садовничий
|b В. А.
|g Виктор Антонович
|
| 701 |
|
1 |
|a Чубариков
|b В. Н.
|g Владимир Николаевич
|
| 801 |
|
1 |
|a RU
|b 63413507
|c 20101115
|
| 801 |
|
2 |
|a RU
|b 63413507
|c 20150506
|g RCR
|
| 900 |
|
|
|a Высшая математика
|
| 942 |
|
|
|c BK
|
| 952 |
|
|
|b 010000
|
| 959 |
|
|
|a 86/20101115
|d 2
|e 0
|f АНЛ:1
|f ЧЗТЛ:1
|